Logo BPK

Biblioteka

Politechniki Koszalińskiej

Informacja naukowa i bibliotekoznawstwo - tendencje rozwoju i nauczania / (Rekord nr 17321)

Szczegóły MARC
000 -ETYKIETA REKORDU
podpole kontrolne o stałej długości 00630nam a2200181 i 4500
001 - NUMER KONTROLNY REKORDU
pole kontrolne bg
040 ## - ŹRÓDŁO KATALOGOWANIA
Instytucja, która utworzyła rekord BPK
041 ## - KOD JĘZYKA
Kod języka tekstu pol
080 ## - UNIWERSALNA KLASYFIKACJA DZIESIĘTNA - UKD
UKD 371.3:002+01/02(07)
008 - POLE O STAŁEJ DŁUGOŚCI - DANE KONTROLNE
podpole kontrolne o stałej długości s pl f |000 0 pol
100 1# - NAZWA OSOBOWA
Nazwa osobowa Giljarevskij, Rudžero Sergeevič.
245 10 - TYTUŁ/ODPOWIEDZIALNOŚĆ
Tytuł Informacja naukowa i bibliotekoznawstwo - tendencje rozwoju i nauczania /
Pozostałe elementy strefy tytułu i oznaczenia odpowiedzialności R. S. Giljarevskij ; [Przekł. z jęz. ros. Elżbieta Artowicz i in.].
260 ## - STREFA ADRESU WYDAWNICZEGO
Miejsce wydania Warszawa :
Nazwa wydawcy/dystrybutora Ośr. Inf. Nauk. PAN,
Data publikacji, dystrybucji/powstania dokumentu 1976.
300 ## - STREFA OPISU FIZYCZNEGO
Objętość s. 251 :
Inne cechy fizyczne tabl. nlb. 1.
500 ## - UWAGI OGÓLNE
Tekst uwagi [Na k. tyt. aut.] : R. S. Gilarewski.
504 ## - UWAGA DOTYCZĄCA BIBLIOGRAFII
Informacje o bibliografii [Zawiera bibliogr. s. 244-251].
856 ## - LOKALIZACJA I DOSTĘP DO ELEKTRONICZNYCH DOKUMENTÓW ZDALNYCH
Link (URL) http://koha.tu.koszalin.pl/cgi-bin/koha/opac-detail.pl?biblionumber=17321
Tekst linku Katalog online BPK
942 ## - DODATKOWE ELEMENTY (KOHA)
Typ dokumentu Książka
Egzemplarze
Wycofany Status egzemplarza Uszkodzony Dostępność Lokalizacja stała Lokalizacja bieżąca Miejsce przechowywania Sygnatura Kod kreskowy Typ dokumentu
      Dostępny Biblioteka Politechniki Koszalińskiej Biblioteka Politechniki Koszalińskiej Wypożyczalnia BG 22039 02189376 Książka
© 2023 Biblioteka Politechniki Koszalińskiej :: KOHA